01061 2200361 4500001002100000005001500021035002000036245014100056260003300197300003700230008004100267020002200308040001700330082001400347084001600361100002000377700001700397700001600414700002100430850001200451041000800463250005900471007000300530090001800533650001800551490002200569990001800591990001800609990001800627990001800645990001800663990001800681INLIS00000000081671620181002083511 a0010-09180001511 aTragedi sunrise /ccerita, Assyifa S. Arum; gambar, Romy Hernadi; penyunting ilustrasi, Rony Amdani; penyunting naskah, Wiwit Wijiastuti aBandung :bDar! Mizan,c2017 a83 halaman :bilustrasi ;c21 cm180903s2017 xx jbia b 0 1 ind d a978-602-367-320-9 aYOPDYOGbind04223a741.5 a741.5 ASS t0 aAssyifa S. Arum0 aRomy Hernadi0 aRony Amdani0 aWiwit Wijiastuti aYOPDYOG0 aind aCetakan pertama, Jumada Al-Tsaniyah 1438H/ Maret 2017ta aK 741.5 ASS t 4aKomik, Bacaan aGhost school days a36128-PD/B.18 a36129-PD/B.18 a36129-PD/B.18 a36128-PD/B.18 a36128-PD/B.18 a36129-PD/B.18